The Pearson guide to mathematics for NDA entrance examination / (Record no. 140142)

MARC details
000 -LEADER
fixed length control field 00525nam a22001817a 4500
005 - DATE AND TIME OF LATEST TRANSACTION
control field 20181220161330.0
010 ## - LCCN (DPL NO)
LC control number B-226101
020 ## - INTERNATIONAL STANDARD BOOK NUMBER
International Standard Book Number 9788177582567
020 ## - INTERNATIONAL STANDARD BOOK NUMBER
International Standard Book Number 8177582569
035 ## - SYSTEM CONTROL NUMBER
System control number B-226101, B-226127
037 ## - SOURCE OF ACQUISITION
Source of stock number/acquisition Dpl/CL
082 ## - DEWEY DECIMAL CLASSIFICATION NUMBER
Classification number 510
100 ## - MAIN ENTRY--PERSONAL NAME
Personal name Khattar,Dinesh
245 ## - TITLE STATEMENT
Title The Pearson guide to mathematics for NDA entrance examination /
Statement of responsibility, etc by Dinesh Khattar
260 ## - PUBLICATION, DISTRIBUTION, ETC. (IMPRINT)
Place of publication, distribution, etc New Delhi
Name of publisher, distributor, etc Pearson Education
Date of publication, distribution, etc 2006
300 ## - PHYSICAL DESCRIPTION
Extent various pagings
Dimensions 27cm(pbk)
942 ## - ADDED ENTRY ELEMENTS (KOHA)
Source of classification or shelving scheme Dewey Decimal Classification
Item type English Books
Classification part 510
Call number suffix KHA
Holdings
Withdrawn status Lost status Not for loan Collection code Home library Current library Date acquired Full call number Barcode Copy number Koha item type Source of acquisition Cost, normal purchase price Cost, replacement price
      Non-fiction Central Library Central Library 19/05/2017 510 KHA B-226101 1 English Books      
      Non-fiction Vigyan Vihar Vigyan Vihar 20/12/2018 510 KHA B-226127   English Books BPPD/PUB 0.00 0.00
      Non-fiction Yojana Vihar Yojana Vihar 19/08/2019 510 KHA B-226126   English Books BPPD/PUB 0.00 0.00

© Delhi Public Library
Hit Counter
free hit counter